Longest Rivers in Finland - Statistics

General Stats
  • This quiz has been taken 63 times
  • The average score is 4 of 10
Answer Stats
Hint Answer % Correct
1. Kemijoki
84%
8. Torniojoki
78%
7. Kymijoki
57%
2. Iijoki
52%
3. Ounasjoki
24%
5. Muonionjoki
19%
10. Ivalojoki
16%
9. Simojoki
12%
4. Kitinen
9%
6. Luiro
5%
No matching quizzes found
Score Distribution
Percent of People with Each Score
Percentile by Number Answered
Your Score History
You have not taken this quiz